000 00323nam a2200133Ia 4500
008 191206s9999 xx 000 0 und d
020 _a014020072X
090 _aPR85E8
245 2 _aA Short History of English literature
250 _a4TH ED. REV.
260 _aPenguin Books
260 _cc1976
300 _a204 p. 19 cm.
999 _c15378
_d15378